000 00459nam a2200157Ia 4500
008 210716s2011 xx 000 0 und d
020 _a8172248547
041 _aeng
082 _a332.644 PATD
100 _aPatwari, D C;Bhargava, Anshul.
245 _aOptions and futures: an Indian perspective.
_bIndian perspective.
250 _a1
260 _aNew edelhi
_bJaico Publishing House
_c2011
300 _axii,411
650 _aDerivatives & Risk Management
999 _c208671
_d208671